000 00541nam a2200205Ia 4500
005 20250425161358.0
008 250425s9999 xx 000 0 und d
041 _aspa
082 _a671.2092
110 _aORGANIZACION DE LAS NACIONES UNIDAS PARA EL DESARROLLO INDUSTRIAL
245 0 _aMEMORIAS DEL PRIMER SEMINARIO ANDINO DE FUNDICION FERROSA
250 _a1A ED.
260 _aLIMA
260 _aPerĂº
_bONUDI
_c1978
300 _a290
650 _aFUNDICION
650 _aMETALURGIA FERROSA
942 _c01
010 _a18955
999 _c208040
_d208040